000 02006nam a2200541 i 4500
001 30660
003 KOSZ 005
005 20201102115932.0
008 970510s1994 pl a f |000 0 pol
015 _aUWD 1995/11828
020 _a8385949917
035 _a991000230019705066
035 _a(PL-WaBN)b10104963-48omnis_nlop
035 _ab10104963
035 _a(OCoLC)830051358
035 _a(PL)b0000001010496
035 _a(EXLNZ-48OMNIS_NETWORK)9910095656605606
040 _aWA N
_cWA N
_dKOSZ 005/EG
041 _apol
080 _a556.5:504.4](438)"1980/..."
080 _a504.5
080 _a(438)
080 _a"1980/..."
100 1 _aDorochowicz, Alfred
_eAutor
245 1 0 _aStan czystości systemu Wielkich Jezior Mazurskich w latach 1982-1993 /
_cAlfred Dorochowicz ; [Państwowa Inspekcja Ochrony Środowiska. Wojewódzki Inspektorat Ochrony Środowiska w Suwałkach].
260 _aSuwałki ;
_a[Warszawa] :
_bPIOŚ,
_c1994.
300 _a55 s., [1] k. mapa złoż. :
_bfot. kolor., rys., wykr., err. ;
_c24 cm.
336 _aTekst
_btxt
_2rdacontent
337 _aBez urządzenia pośredniczącego
_bn
_2rdamedia
338 _aWolumin
_bnc
_2rdacarrier
380 _aKsiążki
388 _a1901-2000
388 _a1989-2000
490 1 _aBiblioteka Monitoringu Środowiska
500 _aNa podstawie materiałów WIOŚ (OBiKŚ) Suwałki oprac. pod kier. Heleny Wróblewskiej.
504 _aBibliogr. s. 53.
650 7 _aJeziora
_2DBN
650 7 _aDegradacja środowiska
_2DBN
651 7 _aPojezierze Mazurskie
_2DBN
651 7 _aPolska
_2DBN
658 _aOchrona środowiska
700 1 _aWróblewska, Helena
_eAutor
710 2 _aPaństwowa Inspekcja Ochrony Środowiska
_4pbl
830 0 _aBiblioteka Monitoringu Środowiska
856 _uhttp://koha.tu.koszalin.pl/cgi-bin/koha/opac-detail.pl?biblionumber=30660
_yKatalog online BPK
942 _2UKD
_cKS
999 _c30660
_d30660